[Event "AUTO-INT-709"]
[Site "http://www.queenalice.com/game.php?id=316396"]
[Date "2007.12.7"]
[Round "1"]
[White "J_Ricardo"]
[Black "marathon"]
[Result "0-1"]
[WhiteElo "1426"]
[BlackElo "1657"]

1. e4 e5 2. Nf3 Nc6 3. Nc3 Nd4 4. Nxe5 Qf6 5. Nf3 Ne7 6. d3 d6 7. Be3 Nxf3+ 8.
gxf3 Bd7 9. Nb5 Bxb5 10. Qd2 Qxb2 11. Qd1 Ba6 12. Be2 Qe5 13. Qd2 d5 14. d4 Qe6
15. exd5 Nxd5 16. c4 Nxe3 17. d5 Ng2+ 18. Kd1 Qf6 19. Rg1 Qxa1+ 20. Qc1 Qxc1+
21. Kxc1 Nf4 22. Bf1 g6 23. Rg4 Bh6 24. h3 Nxh3+ 25. Kc2 Nxf2 26. Rd4 Be3 27.
Rh4 O-O-O 28. f4 f5 29. Rh2 h5 30. Rg2 Ng4 31. Kd3 Bxf4 32. Rg3 Bxg3 33. a3 c6
34. Kd4 Rhe8 35. Bg2 cxd5 36. cxd5 Re2 37. Bf3 Re3 38. Bd1 b6 39. a4 Be5# 0-1

[Event "AUTO-INT-709"]
[Site "http://www.queenalice.com/game.php?id=316397"]
[Date "2007.12.7"]
[Round "1"]
[White "marathon"]
[Black "J_Ricardo"]
[Result "1-0"]
[WhiteElo "1633"]
[BlackElo "1466"]

1. d4 d5 2. c4 dxc4 3. Qa4+ Bd7 4. Qxc4 Be6 5. Qb5+ Nc6 6. e4 a6 7. Qc5 Nxd4 8.
Ne2 Nxe2 9. Bxe2 Nf6 10. e5 Ne4 11. Qb4 Bd5 12. Bf3 Nxf2 13. Kxf2 e6 14. Qf4 Qe7
15. Nc3 Bxf3 16. Qxf3 g6 17. Ne4 Bg7 18. Bg5 Qd7 19. Bf6 Qd4+ 20. Kg3 Bxf6 21.
Nxf6+ Kf8 22. Rhe1 g5 23. Re4 Qxb2 24. Rd1 Qb5 25. Nh5 Rg8 26. Rf1 Qd7 27. Nf6
Qd2 28. Nxg8 Qd7 29. Nh6 Re8 30. Nxf7 Re7 31. Nxg5+ Rf7 32. Nxf7 Ke7 33. Ng5 Qe8
34. Rd4 h6 35. Qf6# 1-0

[Event "AUTO-INT-709"]
[Site "http://www.queenalice.com/game.php?id=316404"]
[Date "2007.12.7"]
[Round "1"]
[White "Raul2008"]
[Black "marathon"]
[Result "1-0"]
[WhiteElo "1882"]
[BlackElo "1646"]

1. d4 d5 2. c4 Nf6 3. Nf3 Bg4 4. Qb3 b6 5. Ne5 Bh5 6. e3 e6 7. cxd5 Nxd5 8. Bb5+
Nd7 9. Bxd7+ Ke7 10. Nc6+ Kxd7 11. Nxd8 Rxd8 12. e4 Nf6 13. f3 Kc8 14. Be3 h6
15. Nc3 Nd7 16. Rc1 Bd6 17. Nb5 Kb8 18. e5 Be7 19. Qa4 a5 20. Rxc7 Bb4+ 21. Kf2
f5 22. a3 Be7 23. b4 Rc8 24. Rxd7 1-0

[Event "AUTO-INT-709"]
[Site "http://www.queenalice.com/game.php?id=316405"]
[Date "2007.12.7"]
[Round "1"]
[White "marathon"]
[Black "Raul2008"]
[Result "0-1"]
[WhiteElo "1635"]
[BlackElo "2002"]

1. d4 Nf6 2. d5 e6 3. dxe6 fxe6 4. Bg5 Be7 5. Nc3 O-O 6. e4 d5 7. Bxf6 Bxf6 8.
exd5 Bxc3+ 9. bxc3 exd5 10. Bd3 Qf6 11. Nf3 Qxc3+ 12. Nd2 Re8+ 13. Be2 Bg4 14.
f3 Bf5 15. O-O Bxc2 16. Qe1 Bd3 17. Nb3 Qxe1 18. Rfxe1 Rxe2 19. Red1 Bc4 20. Nd4
Rxa2 21. Ne6 Rxa1 22. Rxa1 Na6 23. Re1 Re8 24. Kf2 c5 25. f4 d4 26. f5 Bxe6 27.
fxe6 Nc7 0-1

[Event "Challenge"]
[Site "http://www.queenalice.com/game.php?id=345497"]
[Date "2008.1.30"]
[Round "-"]
[White "Tanatos"]
[Black "marathon"]
[Result "0-1"]
[WhiteElo "1227"]
[BlackElo "1666"]

1. e4 d5 2. exd5 Qxd5 3. Nc3 Qe5+ 4. Be2 Bg4 5. f3 Bf5 6. d4 Qd6 7. Nb5 Qc6 8.
Bf4 Na6 9. d5 Qc5 10. c3 e6 11. d6 Bxd6 12. Bxd6 cxd6 13. Nxd6+ Kf8 14. Nxb7 Qb6
15. Qd7 Nf6 16. Qd6+ Qxd6 17. Nxd6 Nc5 18. O-O-O Ke7 19. g4 Bg6 20. b4 Na4 21.
g5 Nd5 22. c4 Nxb4 23. Kd2 Nxa2 24. Ra1 N2c3 25. Nb5 Rhd8+ 26. Ke1 Rab8 27. Nxc3
Nxc3 28. Rxa7+ Kf8 29. f4 Rb1+ 30. Kf2 Rd2 31. Ra8+ Ke7 32. Ke3 Rdb2 33. Bd3
Nd1+ 34. Kd4 Bxd3 35. Nh3 Rd2 36. Re1 Bf5+ 37. Ke5 f6+ 0-1

[Event "Time is money"]
[Site "http://www.queenalice.com/game.php?id=353708"]
[Date "2008.2.13"]
[Round "-"]
[White "rsgaspar"]
[Black "marathon"]
[Result "1-0"]
[WhiteElo "1765"]
[BlackElo "1710"]

1. e4 e5 2. Nf3 Nc6 3. Bc4 h6 4. c3 a6 5. a3 Nf6 6. d3 d5 7. exd5 Nxd5 8. O-O
Bg4 9. h3 Bh5 10. b4 Nf6 11. Be3 b5 12. Bb3 e4 13. dxe4 Qxd1 14. Rxd1 Nxe4 15.
Bd5 Bxf3 16. gxf3 Kd7 17. Bxe4+ Bd6 18. Bc5 g6 19. a4 Rab8 20. axb5 axb5 21. Ra6
Ne7 22. Bxd6 cxd6 23. Rdxd6+ 1-0

[Event "Challenge"]
[Site "http://www.queenalice.com/game.php?id=355349"]
[Date "2008.2.16"]
[Round "-"]
[White "marathon"]
[Black "Tanatos"]
[Result "1-0"]
[WhiteElo "1680"]
[BlackElo "1254"]

1. d4 d5 2. c4 dxc4 3. Qa4+ c6 4. Qxc4 b5 5. Qc3 Na6 6. Qxc6+ Bd7 7. Qxa6 Qc8 8.
Qxc8+ Rxc8 9. Nc3 b4 10. Nd5 e6 11. Nf4 Ba4 12. e4 Bc2 13. Bd3 Bxd3 14. Nxd3 a5
15. Ne2 1-0

[Event "BKB Game"]
[Site "http://www.queenalice.com/game.php?id=358426"]
[Date "2008.2.21"]
[Round "-"]
[White "marathon"]
[Black "stamm"]
[Result "1-0"]
[WhiteElo "1803"]
[BlackElo "1752"]

1. d4 d5 2. c4 Nc6 3. cxd5 Qxd5 4. Nf3 Bg4 5. Nc3 Qd6 6. e3 a6 7. Be2 e5 8. d5
Nce7 9. e4 h6 10. Be3 Nf6 11. Qd3 Qb4 12. Rb1 g5 13. Bd2 Qd6 14. a3 Bg7 15. b4
O-O 16. Be3 b6 17. Qd2 Rfc8 18. Rd1 Bxf3 19. Bxf3 g4 20. Be2 Kh7 21. h3 gxh3 22.
Rxh3 Neg8 23. Bf3 Rd8 24. Ke2 Ra7 25. Rdh1 Qf8 26. Bg5 Rd6 27. Bxf6 Rxf6 28. Bg4
Rd6 29. Nd1 Bf6 30. Bf5+ Kh8 31. Qe3 Bg5 32. Qg3 f6 33. Ne3 Bf4 34. Qg4 b5 35.
g3 Bg5 36. Ng2 Kg7 37. f4 exf4 38. gxf4 Kf7 39. Be6+ Ke7 40. fxg5 fxg5 41. Rf1
Nf6 42. Qf5 c6 43. Ne3 cxd5 44. exd5 Qg7 45. Qe5 Qf8 46. Nf5+ Kd8 47. Nxd6 1-0

[Event "Patricio game"]
[Site "http://www.queenalice.com/game.php?id=370497"]
[Date "2008.3.13"]
[Round "-"]
[White "holandes"]
[Black "marathon"]
[Result "0-1"]
[WhiteElo "1704"]
[BlackElo "1694"]

1. e4 e5 2. a3 d5 3. Nc3 d4 4. Nce2 Nf6 5. d3 Bg4 6. f3 Be6 7. c3 Nc6 8. cxd4
Nxd4 9. Qa4+ b5 10. Qd1 a5 11. Rb1 b4 12. a4 Bb3 13. Qd2 Nc2+ 14. Kf2 Bc5+ 15.
d4 Nxd4 16. Nxd4 Bxd4+ 17. Ke1 Bxa4 18. Bc4 Nh5 19. g3 Qd7 20. b3 Bc3 21. bxa4
Bxd2+ 0-1

[Event "Let's Play Chess!"]
[Site "http://www.queenalice.com/game.php?id=375641"]
[Date "2008.3.23"]
[Round "-"]
[White "Augustodombosco"]
[Black "marathon"]
[Result "1-0"]
[WhiteElo "1869"]
[BlackElo "1817"]

1. d4 d5 2. c4 Nf6 3. cxd5 Nxd5 4. e4 Nb4 5. Nf3 Bg4 6. d5 e6 7. a3 N4a6 8. Nc3
Nc5 9. Bf4 Nbd7 10. b4 Na6 11. Bxa6 bxa6 12. h3 Bh5 13. dxe6 Nf6 14. exf7+ Bxf7
15. Qxd8+ Rxd8 16. Bxc7 Rc8 17. Be5 Bc4 18. Rd1 Nd7 19. Bd4 Rc7 20. Ne5 Be7 21.
Nxd7 Rxd7 22. Bxg7 Rg8 23. Rxd7 Kxd7 24. Bd4 1-0

[Event "Let's Play Chess!"]
[Site "http://www.queenalice.com/game.php?id=377874"]
[Date "2008.3.27"]
[Round "-"]
[White "Strogenstein"]
[Black "marathon"]
[Result "0-1"]
[WhiteElo "1843"]
[BlackElo "1711"]

1. e4 e5 2. Nf3 Nc6 3. Bb5 d6 4. O-O Nf6 5. d4 Bd7 6. dxe5 dxe5 7. Nc3 Bb4 8.
Bxc6 Bxc6 9. Nxe5 Qe7 10. Nxc6 bxc6 11. Bg5 O-O 0-1

[Event "20080331 - Partida #10"]
[Site "http://www.queenalice.com/game.php?id=380150"]
[Date "2008.4.1"]
[Round "-"]
[White "SRIVERO"]
[Black "marathon"]
[Result "1-0"]
[WhiteElo "1758"]
[BlackElo "1732"]

1. e4 d5 2. Nc3 d4 3. Nd5 c6 4. Nf4 e5 5. Nd3 Bd6 6. Nf3 Qe7 7. c3 c5 8. cxd4
cxd4 9. a3 Nf6 10. Qe2 Nbd7 11. g3 h6 12. Bg2 a5 13. Nh4 Nf8 14. Nf5 Bxf5 15.
exf5 e4 16. Nf4 Qe5 17. d3 exd3 18. Qxe5+ Bxe5 19. Bxb7 Rb8 20. Bc6+ N8d7 21.
O-O O-O 22. Nxd3 Rb6 23. Bxd7 Nxd7 24. f4 Bf6 25. b4 axb4 26. axb4 Be7 27. Ra7
Rd8 28. Bb2 Bf6 29. Nc5 1-0

[Event "AUTO-ADV-858"]
[Site "http://www.queenalice.com/game.php?id=380726"]
[Date "2008.4.2"]
[Round "1"]
[White "chessy66"]
[Black "marathon"]
[Result "0-1"]
[WhiteElo "1886"]
[BlackElo "1757"]

1. d4 d5 2. Nf3 Bg4 3. Ne5 Bh5 4. Qd3 e6 5. Qb5+ Nc6 6. Nxc6 bxc6 7. Qxc6+ Ke7
8. Bf4 Rc8 9. e3 Qd7 10. Qc5+ Kd8 11. Qxa7 Bd6 12. Ba6 Ne7 13. Bxd6 Nc6 14. Bxc8
Qxc8 15. Qxc7+ Qxc7 16. Bxc7+ Kxc7 0-1

[Event "AUTO-ADV-858"]
[Site "http://www.queenalice.com/game.php?id=380727"]
[Date "2008.4.2"]
[Round "1"]
[White "marathon"]
[Black "chessy66"]
[Result "1-0"]
[WhiteElo "1734"]
[BlackElo "1909"]

1. d4 d5 2. c4 Nc6 3. c5 e5 4. e3 Nf6 5. Bb5 exd4 6. Bxc6+ bxc6 7. exd4 Be7 8.
Nf3 Bg4 9. Qd3 Bxf3 10. Qxf3 O-O 11. Be3 Ne4 12. Nd2 Bg5 13. Nxe4 dxe4 14. Qxe4
Re8 15. Qf3 Qxd4 16. O-O Bxe3 17. fxe3 Qxe3+ 18. Rf2 1-0

[Event "AUTO-ADV-858"]
[Site "http://www.queenalice.com/game.php?id=380742"]
[Date "2008.4.2"]
[Round "1"]
[White "hiu_abu_abu"]
[Black "marathon"]
[Result "1-0"]
[WhiteElo "2080"]
[BlackElo "1798"]

1. d4 d5 2. c4 Nf6 3. cxd5 Nxd5 4. e4 Nb4 5. Qa4+ N8c6 6. d5 Bd7 7. dxc6 Nxc6 8.
Bb5 Ne5 9. Bxd7+ Nxd7 10. Nf3 c6 11. O-O b5 12. Qc2 Qc7 13. Be3 e6 14. Bd4 e5
15. Be3 Be7 16. Nbd2 Nf6 17. h3 h6 18. Rac1 c5 19. Bxc5 Bd6 20. Bxd6 Qxd6 21.
Nh4 Nh5 22. Nf5 Qf6 23. Qc5 a6 24. Nd6+ Kd7 25. Qc6+ 1-0

[Event "AUTO-ADV-858"]
[Site "http://www.queenalice.com/game.php?id=380743"]
[Date "2008.4.2"]
[Round "1"]
[White "marathon"]
[Black "hiu_abu_abu"]
[Result "0-1"]
[WhiteElo "1803"]
[BlackElo "2084"]

1. d4 Nf6 2. d5 c6 3. dxc6 Nxc6 4. Nc3 d5 5. Bg5 e6 6. e4 Be7 7. Bxf6 Bxf6 8.
Bb5 Qa5 9. Ne2 O-O 10. O-O dxe4 11. Bxc6 bxc6 12. Nxe4 Bxb2 13. Rb1 Be5 14. Qd3
Ba6 15. c4 Rfd8 16. Qc2 f5 17. Ng5 Rd2 18. Qb3 Rxe2 19. c5 Qxa2 20. Qf3 h6 21.
Nh3 Rc8 22. Nf4 Re4 0-1

[Event "AUTO-ADV-858"]
[Site "http://www.queenalice.com/game.php?id=380754"]
[Date "2008.4.2"]
[Round "1"]
[White "marathon"]
[Black "vininb"]
[Result "0-1"]
[WhiteElo "1793"]
[BlackElo "1839"]

1. d4 d5 2. c4 e6 3. c5 Nf6 4. Nf3 b6 5. b4 Be7 6. e3 O-O 7. Ne5 Ba6 8. Bd3 Bxd3
9. Qxd3 a5 10. Bd2 axb4 11. Bxb4 Na6 12. Nc6 Nxb4 13. Nxb4 bxc5 14. dxc5 Bxc5
15. Nc6 Qd6 16. Nd4 Qb6 17. O-O Ne4 18. Nd2 Bxd4 19. exd4 Nxd2 20. Qxd2 Ra4 21.
Rfd1 Rfa8 22. Rdb1 Qa5 23. Qb2 h6 24. h3 Rxa2 25. Rxa2 Qxa2 26. Qb7 Qa7 27. Qb4
Qa4 28. Qc5 Qc2 29. Qb5 Ra2 30. Qe8+ Kh7 31. Rf1 Kg6 32. Qe7 Ra4 33. Qh4 Qd2 34.
Qg3+ Kf6 35. Qxc7 Qxd4 36. Qg3 Ra1 37. Qf3+ Ke7 38. g3 Rxf1+ 39. Kxf1 Qe4 0-1

[Event "AUTO-ADV-858"]
[Site "http://www.queenalice.com/game.php?id=380755"]
[Date "2008.4.2"]
[Round "1"]
[White "vininb"]
[Black "marathon"]
[Result "0-1"]
[WhiteElo "1883"]
[BlackElo "1778"]

1. e4 d5 2. exd5 Qxd5 3. Nc3 Qc5 4. d4 Qf5 5. Bd3 Qf6 6. Nh3 e5 7. dxe5 Qxe5+ 8.
Be3 Bd6 9. Qd2 Bg4 10. Be2 Qf5 11. Bxg4 Qxg4 12. f3 Qf5 13. O-O-O Nc6 14. Ne4
Nge7 15. Nxd6+ cxd6 16. Qxd6 O-O 17. g4 Qxf3 18. Qg3 Qe4 19. Ng5 Qg6 20. Rd6 f6
21. Ne6 Rfc8 22. g5 Nb4 23. Rd2 Rxc2+ 24. Kd1 Rac8 25. Ke2 Qd3+ 26. Kd1 Rc1# 0-1

[Event "AUTO-INT-656"]
[Site "http://www.queenalice.com/game.php?id=386121"]
[Date "2008.4.11"]
[Round "2"]
[White "AlexandreMaximus"]
[Black "marathon"]
[Result "0-1"]
[WhiteElo "1851"]
[BlackElo "1784"]

1. e4 d5 2. exd5 Qxd5 3. Nc3 Qd6 4. Nf3 e5 5. Bc4 Nc6 6. O-O Be6 7. Bxe6 Qxe6 8.
d3 Bd6 9. Nb5 Nf6 10. d4 O-O 11. Nxd6 cxd6 12. dxe5 dxe5 13. Be3 h6 14. Re1 Ng4
15. Bf4 Qf5 16. Bg3 e4 17. Nh4 Qe6 18. Qe2 g5 19. Qb5 gxh4 20. Bxh4 Qg6 21. f3
exf3 22. g3 f2+ 0-1

[Event "AUTO-INT-656"]
[Site "http://www.queenalice.com/game.php?id=386122"]
[Date "2008.4.11"]
[Round "2"]
[White "marathon"]
[Black "AlexandreMaximus"]
[Result "0-1"]
[WhiteElo "1798"]
[BlackElo "1837"]

1. d4 Nf6 2. d5 c6 3. dxc6 Nxc6 4. Bg5 Qa5+ 5. c3 Qxg5 6. Nf3 Qb5 7. b4 e5 8. e4
Qb6 9. Nbd2 Bd6 10. Nc4 Qc7 11. Nxd6+ Kf8 12. Ng5 Nd8 13. Bc4 b5 14. Bxf7 Nxf7
15. Ngxf7 Qxc3+ 16. Ke2 Qxb4 17. Nxh8 Nxe4 18. Nhf7 Nc3+ 0-1

[Event "AUTO-INT-656"]
[Site "http://www.queenalice.com/game.php?id=386129"]
[Date "2008.4.11"]
[Round "2"]
[White "marathon"]
[Black "Blackdeath"]
[Result "1-0"]
[WhiteElo "1779"]
[BlackElo "1641"]

1. d4 d5 2. Nc3 Bf5 3. Bg5 h6 4. Bh4 g5 5. Bg3 Nc6 6. e3 a6 7. Bd3 Bxd3 8. Qxd3
Bg7 9. Nf3 e6 10. e4 Nge7 11. a3 1-0

[Event "AUTO-INT-656"]
[Site "http://www.queenalice.com/game.php?id=386130"]
[Date "2008.4.11"]
[Round "2"]
[White "Blackdeath"]
[Black "marathon"]
[Result "0-1"]
[WhiteElo "1631"]
[BlackElo "1789"]

1. d4 d5 2. Bf4 Nf6 3. Nc3 Bd7 4. e3 a6 5. h3 Bf5 6. Nge2 e6 7. f3 Bb4 8. a3 Ba5
9. b4 Bb6 10. g4 Bg6 11. a4 Nc6 0-1